| 000 | 01804nam0a2200313 4500 | ||
|---|---|---|---|
| 001 | rc\3418152 | ||
| 005 | 20260408173420.0 | ||
| 021 |
_aRU _b[73-22477] |
||
| 035 | _a(NLR Aleph) 007581068 | ||
| 090 |
_a5509033 _c5509033 |
||
| 100 | _a20130115d1973 |||y0rusy50 ca | ||
| 101 | 0 | _arus | |
| 102 | _aRU | ||
| 105 | _aa z ||||| | ||
| 200 | 1 |
_aРекомендации по приготовлению, применению и контролю физико-механических свойств формовочной смеси с понизителем вязкости ПФЛХ для изготовления литейных форм методом прессования на автоматических линиях _fМ-во автомоб. пром-сти СССР. Науч.-исслед. ин-т технологии автомоб. пром-сти "НИИТАвтопром" |
|
| 210 |
_aМосква _cБ. и. _d1973 |
||
| 215 |
_a22 с. _cчерт. _d20 |
||
| 606 | 1 |
_aФормовочные материалы _jНормативные документы _91126475 _3RU\NLR\AUTH\66127422 |
|
| 606 |
_aАвтомобильные детали _xФормовка прессованием _jНормативные документы _3RU\NLR\AUTH\661620 _9890385 |
||
| 606 |
_aФенольно-формальдегидные смолы новолачные _jНормативные документы _3RU\NLR\AUTH\66763978 _91713601 |
||
| 686 | 1 | _aЛ712.823я8 | |
| 686 | 1 | _aО33-060.123я8 | |
| 712 | 0 | 2 |
_aНИИ технологии автомобильной промышленности _cМосква _3RU\NLR\AUTH\889938494 _9371838 |
| 801 | 0 |
_aRU _bNLR _gpsbo |
|
| 801 | 1 |
_aRU _bELAR _2rusmarc |
|
| 852 |
_aNLR _j73-6/6076 |
||
| 942 | _cBOOK | ||
| 980 | _aNB | ||